Railroad electrification : the issues.

Bibliographic Details
Corporate Author: National Research Council (U.S.). Transportation Research Board
Format: Book
Language:English
Published: Washington : National Academy of Sciences, 1977.
Series:Special report (National Research Council (U.S.). Transportation Research Board) ; 180.
Subjects:

MARC

Tag First Indicator Second Indicator Subfields
LEADER 00000pam a2200000 i 4500
001 in00000595331
005 20151014164331.0
008 771223s1977 dcua b 10000 eng
010 |a  77027796  
020 |a 0309026547 
035 |a (OCoLC)03609758 
035 |9 ACS3769AM 
040 |a DLC  |c DLC  |d TXA  |d UtOrBLW 
049 |a TXAM  |c [1398420] 
050 0 0 |a TF858.A2  |b R34 
082 0 |a 621.33 
245 0 0 |a Railroad electrification :  |b the issues. 
264 1 |a Washington :  |b National Academy of Sciences,  |c 1977. 
300 |a iii, 85 pages :  |b illustrations ;  |c 28 cm. 
336 |a text  |b txt  |2 rdacontent 
337 |a unmediated  |b n  |2 rdamedia 
338 |a volume  |b nc  |2 rdacarrier 
490 1 |a Special report - Transportation Research Board, National Research Council ; 180 
500 |a Papers from a conference sponsored by the Transportation Research Board, held June 13-15, 1977, in Washington, D. C. 
504 |a Includes bibliographical references. 
650 0 |a Railroads  |x Electrification  |x Congresses. 
710 2 |a National Research Council (U.S.).  |b Transportation Research Board. 
830 0 |a Special report (National Research Council (U.S.). Transportation Research Board) ;  |v 180. 
999 |a MARS 
999 f f |s 4e93a2f5-a49b-31ed-bee0-4a234f06455d  |i 7efc85ce-736a-3708-8e06-f56667e380e5  |t 0 
952 f f |p ric  |a Texas A&M University  |b Rellis Campus  |c Joint Library Facility  |d Remote Storage  |t 0  |e TF858.A2 R34  |h Library of Congress classification  |i unmediated -- volume  |m A14805393992 
998 f f |a TF858.A2 R34  |t 0  |l Remote Storage